| 000 | 01152nam a2200253 u 4500 | ||
|---|---|---|---|
| 005 | 20240924063841.0 | ||
| 008 | 200120s2010 mx r 000 0 spa d | ||
| 035 | _aUPN01000234981 | ||
| 040 |
_aMX-MxUPN _bspa _cMX-MxUPN |
||
| 041 | 0 | _aspa | |
| 050 | 4 |
_aLA543.7 _bE53 2010 |
|
| 111 | 2 |
_aEncuentro Internacional de Rectores de Universia _n(2° : _d2010 : _cGuadalajara, Jalisco, México) _948323 |
|
| 245 | 1 | 0 |
_aII Encuentro Internacional de Rectores de Universia _bGuadalajara 2010 : _bpor un espacio iberoamericano del conocimiento socialmente responsable |
| 246 | 1 | 3 | _aSegundo Encuentro Internacional de Rectores de Universia |
| 260 |
_a[Guadalajara, Jalisco, México] : _bBanco Santander, División Global Santander Universidades, _c2010. |
||
| 300 |
_a2 volúmenes : _bilustraciones, mapas, fotografías a color, gráficas |
||
| 505 | 0 | _av. 1. [Texto condensado] -- v. 2. Documentos de trabajo | |
| 650 | 4 |
_aEducación superior _zAmérica Latina _vCongresos _919382 |
|
| 650 | 4 |
_aUniversidades y colegios _zAmérica Latina _vCongresos _948325 |
|
| 902 | _bNoemiAcosta/150323 | ||
| 942 |
_n0 _2lcc _cLIBRO |
||
| 999 |
_c207076 _d207076 |
||